00416nam a2200133 4500020001800000082001400018100002000032245005700052260003400109300002300143500006600166650003600232700001400268 a9788120311367 a511.3 KLI aKlir, George J. aFuzzy sets and fuzzy logic : theory and applications aNew DelhibPHI Learningc1995 axv, 574 p.bill. ; aIncludes bibliographical references (p. 494-547) and indexes. a1. Fuzzy sets. 2. Fuzzy logic. aYuan, Bo.